Lourdes (Record no. 26362)
[ view plain ]
| 000 -LEADER | |
|---|---|
| fixed length control field | 00532nam a2200181Ia 4500 |
| 003 - CONTROL NUMBER IDENTIFIER | |
| control field | 0100 |
| 005 - DATE AND TIME OF LATEST TRANSACTION | |
| control field | 20190925092312.0 |
| 008 - FIXED-LENGTH DATA ELEMENTS--GENERAL INFORMATION | |
| fixed length control field | 130303s9999 xx 000 0 und d |
| 040 ## - CATALOGING SOURCE | |
| Transcribing agency | ARRUPELIB |
| 050 ## - LIBRARY OF CONGRESS CALL NUMBER | |
| Classification number | BT653.M348 1981 |
| 300 ## - PHYSICAL DESCRIPTION | |
| Dimensions | 18cm. |
| 100 ## - MAIN ENTRY--PERSONAL NAME | |
| Personal name | Marnham, Patrick |
| 9 (RLIN) | 48285 |
| 245 ## - TITLE STATEMENT | |
| Title | Lourdes |
| Remainder of title | a modern pilgrimage |
| Statement of responsibility, etc | Patrick Marnham |
| 260 ## - PUBLICATION, DISTRIBUTION, ETC. (IMPRINT) | |
| Place of publication, distribution, etc | London |
| Name of publisher, distributor, etc | Granada |
| Date of publication, distribution, etc | 1981 |
| 300 ## - PHYSICAL DESCRIPTION | |
| Extent | 285p. ; |
| 650 ## - SUBJECT ADDED ENTRY--TOPICAL TERM | |
| Topical term or geographic name as entry element | Lourdes (France) |
| 9 (RLIN) | 16093 |
| 650 ## - SUBJECT ADDED ENTRY--TOPICAL TERM | |
| Topical term or geographic name as entry element | Christian pilgrims and pilgrimages |
| General subdivision | Lourdes |
| Geographic subdivision | France |
| 9 (RLIN) | 48286 |
| 942 ## - ADDED ENTRY ELEMENTS (KOHA) | |
| Source of classification or shelving scheme | Library of Congress Classification |
| Koha item type | Monograph ( Printed materials) |
| Withdrawn status | Lost status | Source of classification or shelving scheme | Damaged status | Not for loan | Collection code | Home library | Current library | Shelving location | Date acquired | Total Checkouts | Full call number | Barcode | Date last seen | Copy number | Price effective from | Koha item type |
|---|---|---|---|---|---|---|---|---|---|---|---|---|---|---|---|---|
| Library of Congress Classification | Main Collection | ARRUPE LIBRARY | ARRUPE LIBRARY | Main Collection | 04/03/2013 | BT653.M3481981 | 46003049994 | 01/12/2016 | 1 | 04/03/2013 | Monograph ( Printed materials) | |||||
| Library of Congress Classification | Main Collection | ARRUPE LIBRARY | ARRUPE LIBRARY | Main Collection | 25/09/2019 | BT653.M348 1981 | 46500027714 | 25/09/2019 | 25/09/2019 | Monograph ( Printed materials) |